Linear representations of finite groups
Gorde:
| Egile nagusia: | |
|---|---|
| Formatua: | Liburua |
| Hizkuntza: | ingelesa |
| Argitaratua: |
Nueva York
Springer Verlag
1977
|
| Edizioa: | 2a. ed |
| Saila: | Graduate Texts in Mathematics, 42
|
| Gaiak: | |
| Etiketak: |
Etiketa erantsi
Etiketarik gabe, Izan zaitez lehena erregistro honi etiketa jartzen!
|
MARC
| LEADER | 00000nam a2200000 a 4500 | ||
|---|---|---|---|
| 001 | UCL7293 | ||
| 003 | CL-VaPUC | ||
| 008 | 040514e19770000US |||||||||||||||||eng|d | ||
| 020 | |a 0387901906 | ||
| 082 | 0 | 4 | |a 512.2 |b SER |2 21 |
| 100 | 0 | |a Serre, Jean-Pierre |e author |9 485200 | |
| 245 | 1 | 0 | |a Linear representations of finite groups |
| 250 | |a 2a. ed | ||
| 300 | |a 170 p | ||
| 942 | |c BK | ||
| 945 | |d 20040514 00:00:00 |a cmena | ||
| 260 | |a Nueva York |b Springer Verlag |c 1977 | ||
| 650 | 0 | |a Teoría de grupos |9 270028 | |
| 650 | 0 | |a Representaciones de grupos |9 417402 | |
| 650 | 0 | |a Matemática |9 260235 | |
| 650 | 0 | |a Grupos finitos |9 270201 | |
| 650 | 0 | |a Representación lineal |9 422230 | |
| 583 | |a last modification |c 20040514 00:00:00 |k Rodrigo Vera | ||
| 490 | 0 | |a Graduate Texts in Mathematics, 42 | |
| 999 | |c 309138 |d 309136 | ||
| 952 | |0 0 |1 0 |4 0 |6 512_200000000000000_SER_1977 |7 0 |8 A |9 376485 |a BIBMAT |b BIBMAT |d 2019-11-21 |i 4015444 |o 512.2 SER 1977 |p 4015444 |r 2025-01-07 |w 2019-11-21 |y BK |k MAT | ||